000 00454nam a2200181Ia 4500
005 20170804110132.0
008 131103s9999 xx 000 0 und d
040 _aLoreto College
041 _aEnglish
082 _aF
_bWIL
100 _aWilson,Angus
245 4 _aThe Middle age of Mrs. Eliot
_cAngus Wilson
260 _aHarmondsworth
_bPenguin Books
_c1958
300 _a349 p.
650 _aFiction in English
850 _aLCLIB
942 _cBK
999 _c14488
_d64967